000 00491nam a2200181Ia 4500
003 LK-CoDNM
008 010623t xxu||||| |||| 00| 1 sin d
040 _aLK-CoDNM
_dLK-CoDNM
_eLK-CoDNM
041 _asin
080 _a77
_bVIT
100 _aVithamage, H.M.
245 _aඡායාරූප ශිල්පය සිංහලෙන්
246 _aPhotography in Sinhalese
260 _bVithanage studio
_aWeligama
300 _b(v)136, 18 cm
650 _aPhotography
942 _cBK
999 _c138181
_d138181